|
|
|
|
| LEADER |
00000cam a2200000 a 4500 |
| 001 |
vtls001423675 |
| 003 |
SK-MaSNL |
| 005 |
20260301162445.0 |
| 008 |
240318s2001 xo e 00000 slo |
| 015 |
|
|
|a SNBE2002/01-00121
|
| 020 |
|
|
|a 8096780050
|
| 035 |
|
|
|a SNK000378553
|
| 040 |
|
|
|a SNK
|b slo
|c SNK
|e AACR2
|
| 041 |
0 |
|
|a slo
|a hun
|
| 044 |
|
|
|a xo
|c SK
|
| 080 |
|
|
|a 940.53(437.671)(083.9)"1939/1945=854=945.11
|2 1981
|
| 100 |
1 |
|
|a Halász, György,
|d 1949-
|4 aut
|9 527012
|
| 245 |
1 |
0 |
|a Memento
|b Košice 1941
|c autor: Juraj Halász ; slovenský preklad a anglické resumé: Tomáš László
|
| 260 |
|
|
|a Košice
|b Historická spoločnosť I. Henszlmanna
|c 2001
|
| 300 |
|
|
|a 22 s.
|b fotogr.
|c 21 cm
|
| 500 |
|
|
|a Súbež. text maď.
|
| 500 |
|
|
|a Res. angl.
|
| 504 |
|
|
|a Biogr. údaje
|
| 650 |
0 |
7 |
|a druhá svetová vojna (1939-1945)
|2 SNK
|9 169657
|
| 651 |
|
7 |
|a Košice (Slovensko)
|2 SNK
|9 18694
|
| 655 |
|
7 |
|a informačné publikácie
|2 SNK
|9 70181
|
| 700 |
1 |
|
|a László, Tomáš
|4 trl
|9 527013
|
| 919 |
|
|
|a 80-967800-5-0
|
| 958 |
|
|
|a TL
|
| 958 |
|
|
|a BQ
|
| 999 |
|
|
|c 813283
|d 815213
|
| 952 |
|
|
|t P60, <03>, [BOOK], {603}
|a SNK
|b SNK
|y PREZ
|7 0
|p 17A0320126
|o snkOSC 21447
|i snkKSP 12658/2001
|0 0
|1 0
|4 0
|d 2001-11-08
|l 0
|r 2005-01-02 00:00:00
|w 2026-02-24
|
| 952 |
|
|
|t P60, <04>, [BOOK], {604}
|a SNK
|b SNK
|y VYP
|7 0
|p 17A0320125
|o snkOSC 21447 D1
|i snkKSP 12659/2001
|0 0
|1 0
|4 0
|d 2001-11-08
|l 0
|r 2005-01-02 00:00:00
|w 2026-02-24
|